Federal states - Statistics

General Stats
  • This quiz has been taken 39 times
  • The average score is 19 of 27
Answer Stats
Answer % Correct
Brazil
97%
United States
97%
Canada
93%
Mexico
93%
Russia
93%
Argentina
86%
Australia
86%
Germany
86%
Belgium
83%
India
83%
Switzerland
83%
Austria
76%
Nigeria
76%
Pakistan
72%
United Arab Emirates
69%
Micronesia
66%
Ethiopia
59%
Iraq
59%
Somalia
59%
Malaysia
55%
Sudan
55%
Bosnia and Herzegovina
52%
South Sudan
52%
Venezuela
48%
Nepal
45%
Comoros
31%
Saint Kitts and Nevis
28%
No matching quizzes found
Score Distribution
Percent of People with Each Score
Percentile by Number Answered
Your Score History
You have not taken this quiz